Правовое регулирование цифровых денег (Запись № 12758764)

Подробности
000 -МАРКЕР
контрольное поле 03355nam0a2200409 4500
001 - ИДЕНТИФИКАТОР ЗАПИСИ
контрольное поле RU\NLR\BIBL_A\016228056
005 - ИДЕНТИФИКАТОР ВЕРСИИ
контрольное поле 20240924142230.0
010 ## - МЕЖДУНАРОДНЫЙ СТАНДАРТНЫЙ НОМЕР КНИГИ (ISBN)
Номер (ISBN) 978-5-7205-1857-8
Тираж 500
021 ## - НОМЕР ГОСУДАРСТВЕННОЙ РЕГИСТРАЦИИ
Код страны Российская Федерация
Номер КН-П-22-077912
Номер Листа государственной регистраци КН-П-22-6816
035 ## - ДРУГИЕ СИСТЕМНЫЕ НОМЕРА
Идентификатор записи (NLR Aleph) 016228056
035 ## - ДРУГИЕ СИСТЕМНЫЕ НОМЕРА
Идентификатор записи (RuMoRGB)011344895
100 ## - ДАННЫЕ ОБЩЕЙ ОБРАБОТКИ
Данные общей обработки 20221205d2022 k y0rusy50 ca
101 0# - ЯЗЫК РЕСУРСА
Язык текста, звукозаписи и т.д. русский
102 ## - СТРАНА ПУБЛИКАЦИИ ИЛИ ПРОИЗВОДСТВА
Страна публикации Российская Федерация
105 ## - ПОЛЕ КОДИРОВАННЫХ ДАННЫХ: ТЕКСТОВЫЕ МАТЕРИАЛЫ, МОНОГРАФИЧЕСКИЕ
Кодированные данные о монографическом текстовом документе y z 000zy
181 #0 - ПОЛЕ КОДИРОВАННЫХ ДАННЫХ: ВИД СОДЕРЖАНИЯ
Код вида содержания (ISBD) i
Код характеристики содержания (ISBD) axxe
182 #0 - ПОЛЕ КОДИРОВАННЫХ ДАННЫХ: ТИП СРЕДСТВА
Код типа средства (ISBD) n - непосредственное
200 1# - ЗАГЛАВИЕ И СВЕДЕНИЯ ОБ ОТВЕТСТВЕННОСТИ
Основное заглавие Правовое регулирование цифровых денег
Параллельное заглавие Legal regulation of digital money
Сведения, относящиеся к заглавию монография
Первые сведения об ответственности [Брагинец А. Ю., Андреева Е. М., Абрамова Е. Н. и др.]
Последующие сведения об ответственности под редакцией Е. Н. Абрамовой
Язык параллельного заглавия английский
203 ## - ВИД СОДЕРЖАНИЯ И ТИП СРЕДСТВА
Вид содержания Текст
Дополнительные сведения об издании визуальный
Тип средства непосредственный
210 ## - ПУБЛИКАЦИЯ, РАСПРОСТРАНЕНИЕ И ДР.
Место издания, распространения и т.д. Москва
Имя издателя, распространителя и т. д. Юстицинформ
Дата издания, распространения и т.д. 2022
215 ## - ФИЗИЧЕСКАЯ ХАРАКТЕРИСТИКА
Специфическое обозначение материала и объем 235 с.
Размеры 22
300 ## - ОБЩИЕ ПРИМЕЧАНИЯ
Текст примечания Авт. указаны на с. 7
320 ## - ПРИМЕЧАНИЯ О НАЛИЧИИ В ДОКУМЕНТЕ БИБЛИОГРАФИИ / УКАЗАТЕЛЯ
Текст примечания Библиогр.: с. 222-235 (117 назв.)
330 ## - РЕЗЮМЕ ИЛИ РЕФЕРАТ
Текст примечания Монография подготовлена преподавателями юридического факультета Санкт-Петербургского государственного экономического университета. Комплексное и многостороннее исследование проблем и пробелов правового режима различных видов цифровых денег, его частно-правовых и публичных аспектов, осуществлено с учетом сформировавшейся мировой практики, юридической и экономической доктрины, опыта зарубежных стран и российской судебной практики. Использованный нормативный материал актуален по состоянию на 1 мая 2022 года. Монография рассчитана на студентов, аспирантов и преподавателей юридических и экономических факультетов, научных и практических работников, а также может быть полезна участникам правоотношений, объектом которых выступает криптовалюта или иные виды цифровых денег, и всем интересующимся вопросами правового регулирования цифровой экономики
333 ## - ПРИМЕЧАНИЯ ОБ ОСОБЕННОСТЯХ РАСПРОСТРАНЕНИЯ И ИСПОЛЬЗОВАНИЯ
Текст примечания 16+
510 1# - ПАРАЛЛЕЛЬНОЕ ЗАГЛАВИЕ
Параллельное заглавие Legal regulation of digital money
Язык заглавия английский
606 1# - НАИМЕНОВАНИЕ ТЕМЫ КАК ПРЕДМЕТ
Наименование темы Деньги электронные
Тематический подзаголовок Правовое регулирование
Системный номер авторитетной/нормативной записи 2393999
Идентификатор авторитетной/нормативной записи RU\NLR\AUTH\6601647711
686 1# - ИНДЕКСЫ ДРУГИХ КЛАССИФИКАЦИЙ
Индекс Х824.1
686 1# - ИНДЕКСЫ ДРУГИХ КЛАССИФИКАЦИЙ
Индекс Х622.4
701 #1 - ИМЯ ЛИЦА - АЛЬТЕРНАТИВНАЯ ОТВЕТСТВЕННОСТЬ
Начальный элемент ввода Брагинец
Часть имени, кроме начального элемента ввода А. Ю.
701 #1 - ИМЯ ЛИЦА - АЛЬТЕРНАТИВНАЯ ОТВЕТСТВЕННОСТЬ
Графика поля Кириллица
Материалы, к которым относится поле rus
Начальный элемент ввода Андреева
Часть имени, кроме начального элемента ввода Е. М.
Дополнения к именам, кроме дат д-р юрид. наук
Расширение инициалов личного имени Елена Михайловна
Системный номер авторитетной/нормативной записи 41532
Идентификатор авторитетной/нормативной записи RU\NLR\AUTH\7758600
701 #1 - ИМЯ ЛИЦА - АЛЬТЕРНАТИВНАЯ ОТВЕТСТВЕННОСТЬ
Графика поля Кириллица
Материалы, к которым относится поле rus
Начальный элемент ввода Абрамова
Часть имени, кроме начального элемента ввода Е. Н.
Дополнения к именам, кроме дат канд. юрид. наук
Расширение инициалов личного имени Елена Николаевна
Системный номер авторитетной/нормативной записи 54390
Идентификатор авторитетной/нормативной записи RU\NLR\AUTH\7771462
942 ## - ДОПОЛНИТЕЛЬНЫЕ ЭЛЕМЕНТЫ ЗАПИСИ (АБИС)
Тип экземпляра АБИС Книга
980 ## - КОЛЛЕКЦИЯ
Название коллекции Национальная библиография
Экземпляры
Тип экземпляра Дата поступления Источник поступления Библиотека постоянного хранения Библиотека текущего хранения Место хранения Шифр хранения Штрих-код Статус экземпляра
Книга 05.12.2022 Обязательный экземпляр РНБ (Московский) РНБ (Московский) Русский книжный фонд: издания с 1957 года 2022-5/12494 1-4075180  
Книга 05.12.2022 Обязательный экземпляр РНБ (Московский) РНБ (Московский) Русский книжный фонд: издания с 1957 года 2022-5/12494 1-4075181